000 00248nam a2200085Ia 4500
245 0 _aYour kids and divorce
100 _a WHITEMAN, Thomas A. Wellington (South Africa), 2007
_936266
942 _cBK
008 210819s9999 xx 000 0 und d
999 _c303081
_d303079